000 00875cab a22002175a 4500
001 L159846
008 150113e2017 xxk 000 0 eng d
035 _a(Sirsi) u159846
041 0 _aeng
100 1 _aMays, Deborah
245 0 0 _aOn the list
_h[electronic resource]
260 _aLondon
_bRICS
_c2017
490 _aRICS Building Surveying Journal
_vOctober - November 2017, 28-30(3)
520 _aExplains the listing and grade assignment process to historic buildings.
650 2 4 _aBUILT ENVIRONMENT-BUILDING TYPES-ANCIENT MONUMENTS AND HISTORIC BUILDINGS-LISTED BUILDINGS
651 4 _aUnited Kingdom
_y
690 _aBUILT ENVIRONMENT-BUILDING MAINTENANCE AND REFURBISHMENT-BUILDING CONSERVATION
856 4 0 _uhttps://issuu.com/ricsmodus/docs/building_surveying_journal_october__45ef6cafff2b21
_z
_yAvailable free online via Issuu
856 4 0 _u
_z
942 _n0
999 _c85011
_d85011